Statystyki dla Reprezentacje EURO 2000

Kliknij tutaj aby rozwiązać quiz!

Ogólne statystyki

  • Ten quiz został rozwiązany 43 razy
    (25 od ostatniego zresetowania)
  • Średni wynik to 13 z 16

Statystyki odpowiedzi

HintOdpowiedź% Poprawnych
DFrancja
100%
AAnglia
95%
CHiszpania
95%
APortugalia
95%
BWłochy
95%
DHolandia
90%
ANiemcy
90%
BBelgia
86%
BSzwecja
86%
DCzechy
76%
DDania
76%
ARumunia
76%
CNorwegia
62%
CSłowenia
62%
BTurcja
62%
CJugosławia
48%

Rozkład punktacji

Percentyl według liczby udzielonych odpowiedzi

Procent ludzi z każdym wynikiem

Twoja historia wyników

Nie rozwiązałeś tego quizu od ostatniego zresetowania